| 000 | 005000000a22001810004500 | ||
|---|---|---|---|
| 003 | MACL | ||
| 005 | 20160101160432.0 | ||
| 008 | 160101b xxu||||| |||| 00| 0 eng d | ||
| 040 |
_aMACL _cMACL |
||
| 041 | _aEnglish | ||
| 082 | _a350/CHA | ||
| 100 |
_aChatterji, Nandalal _926627 |
||
| 245 | _aBengal Under The Diwani Administration 1765-1772 | ||
| 260 |
_bThe Indian Press Publications Ltd _c1956 _aAllahabad |
||
| 350 | _a8 | ||
| 650 |
_aPublic Administration _926628 |
||
| 942 |
_cBK _k350/CHA _2ddc |
||
| 999 |
_c34844 _d34844 |
||